MARC

LEADER 00000nam0a2200000 4500
001 237924
005 20231101231554.0
035 |a (RuTPU)RU\TPU\book\259105 
090 |a 237924 
100 |a 20130520d1975 m y0rusy50 ca 
101 0 |a rus 
102 |a RU 
105 |a y z 000zy 
200 1 |a Богородичные праздники  |f З. М. Короткова 
205 |a 2-е изд. 
210 |a Москва  |c Политиздат  |d 1975 
215 |a 78 с. 
606 1 |a Православие  |2 stltpush  |3 (RuTPU)RU\TPU\subj\51082  |9 69693 
610 1 |a праздники 
610 1 |a церковные сказания 
610 1 |a религия 
610 1 |a религиозные праздники 
686 |a Э37-51  |v LBC/SL-A  |2 rubbk 
700 1 |a Короткова  |b З. М.  |g Зинаида Михайловна 
801 1 |a RU  |b 63413507  |c 20130520 
801 2 |a RU  |b 63413507  |c 20130918  |g RCR 
942 |c BK